[Event "DVM U20 2021"]
[Site "Kiel GER"]
[Date "2022.07.26"]
[Round "7"]
[White "Garbuz, Vitaliy"]
[Black "Biermann, Lenhard"]
[Result "1/2-1/2"]
[Termination "normal"]
[Board "1.2"]
[WhiteElo "2088"]
[BlackElo "2078"]
[WhiteClock "00:01:52"]
[BlackClock "00:21:38"]
[WhiteTeam "Schachfreunde Brackel 1930 e. V."]
[BlackTeam "Schachgesellschaft Bochum 1931"]
[PlyCount "81"]
[WhiteFideId "12990710"]
[BlackFideId "12970077"]
[EventCountry "GER"]
[EventRounds "7"]
[EventType "team-swiss"]
[EventDate "2022.07.22"]

1. e4 {[%clk 01:30:59]} {[%emt 00:00:09]} e6 {[%clk 01:31:03]} 2. d4 {[%clk
01:31:27]} d5 {[%clk 01:31:26]} 3. Nd2 {[%clk 01:31:55]} Nf6 {[%clk 01:31:50]}
4. e5 {[%clk 01:32:24]} Nfd7 {[%clk 01:32:12]} 5. f4 {[%clk 01:32:52]} c5
{[%clk 01:32:35]} 6. c3 {[%clk 01:33:18]} Nc6 {[%clk 01:32:59]} 7. Ndf3 {[%clk
01:33:42]} Qb6 {[%clk 01:33:22]} 8. g3 {[%clk 01:34:08]} Be7 {[%clk 01:33:48]}
9. Kf2 {[%clk 01:34:32]} cxd4 {[%clk 01:34:14]} 10. cxd4 {[%clk 01:34:53]} O-O
{[%clk 01:33:13]} 11. Kg2 {[%clk 01:35:15]} f5 {[%clk 01:30:42]} 12. Ne2 {[%clk
01:35:34]} Qd8 {[%clk 01:28:12]} 13. h3 {[%clk 01:34:11]} Nb6 {[%clk 01:24:41]}
14. Nc3 {[%clk 01:32:58]} Bd7 {[%clk 01:07:50]} 15. g4 {[%clk 01:27:05]} Be8
{[%clk 01:04:39]} 16. Bd3 {[%clk 01:13:34]} a5 {[%clk 01:04:02]} 17. a4 {[%clk
01:11:31]} Nb4 {[%clk 01:03:45]} 18. Bb1 {[%clk 01:03:27]} Rc8 {[%clk
01:00:56]} 19. Rg1 {[%clk 00:53:34]} Qd7 {[%clk 00:54:42]} 20. Qe2 {[%clk
00:45:11]} Qc6 {[%clk 00:46:46]} 21. Nd2 {[%clk 00:32:48]} Nc4 {[%clk
00:38:14]} 22. Nf1 {[%clk 00:24:55]} Kh8 {[%clk 00:37:34]} 23. Ng3 {[%clk
00:24:35]} g6 {[%clk 00:33:33]} 24. Nb5 {[%clk 00:20:57]} Qd7 {[%clk 00:24:47]}
25. b3 {[%clk 00:21:20]} Nb6 {[%clk 00:15:05]} 26. Bd2 {[%clk 00:15:27]} Na8
{[%clk 00:12:43]} 27. gxf5 {[%clk 00:15:37]} gxf5 {[%clk 00:12:54]} 28. Bxb4
{[%clk 00:15:55]} Bxb4 {[%clk 00:12:04]} 29. Bd3 {[%clk 00:14:32]} Nc7 {[%clk
00:06:57]} 30. Rac1 {[%clk 00:11:14]} Bf7 {[%clk 00:02:20]} 31. Rc2 {[%clk
00:09:43]} Nxb5 {[%clk 00:02:47]} 32. Bxb5 {[%clk 00:09:44]} Qe7 {[%clk
00:01:54]} 33. Rgc1 {[%clk 00:09:54]} Rxc2 {[%clk 00:02:11]} 34. Rxc2 {[%clk
00:08:13]} Rg8 {[%clk 00:01:59]} 35. Kh2 {[%clk 00:04:43]} Qh4 {[%clk
00:02:02]} 36. Qe3 {[%clk 00:04:33]} Qe7 {[%clk 00:00:57]} 37. Be2 {[%clk
00:02:55]} Be1 {[%clk 00:00:55]} 38. Nf1 {[%clk 00:02:27]} Bb4 {[%clk
00:01:01]} 39. Ng3 {[%clk 00:02:20]} Be1 {[%clk 00:01:28]} 40. Nf1 {[%clk
00:01:52]} Bb4 {[%clk 00:21:38]} 41. Ng3 1/2-1/2

[Event "DVM U20 2021"]
[Site "Kiel GER"]
[Date "2022.07.26"]
[Round "7"]
[White "Biermann, Florian"]
[Black "Kracht, Raphael"]
[Result "1/2-1/2"]
[Termination "normal"]
[Board "1.3"]
[WhiteElo "2100"]
[BlackElo "2045"]
[WhiteClock "00:15:45"]
[BlackClock "00:09:49"]
[WhiteTeam "Schachgesellschaft Bochum 1931"]
[BlackTeam "Schachfreunde Brackel 1930 e. V."]
[PlyCount "78"]
[WhiteFideId "12970069"]
[BlackFideId "16214382"]
[EventCountry "GER"]
[EventRounds "7"]
[EventType "team-swiss"]
[EventDate "2022.07.22"]

1. Nf3 {[%clk 01:30:54]} {[%emt 00:00:05]} d5 {[%clk 01:30:34]} {[%emt
00:00:26]} 2. g3 {[%clk 01:29:24]} {[%emt 00:02:00]} Nf6 {[%clk 01:30:46]}
{[%emt 00:00:18]} 3. Bg2 {[%clk 01:29:35]} {[%emt 00:00:20]} e6 {[%clk
01:31:12]} {[%emt 00:00:05]} 4. O-O {[%clk 01:28:45]} {[%emt 00:01:20]} Be7
{[%clk 01:28:16]} {[%emt 00:03:25]} 5. b3 {[%clk 01:26:54]} {[%emt 00:02:21]}
O-O {[%clk 01:22:11]} {[%emt 00:06:35]} 6. Bb2 {[%clk 01:26:50]} {[%emt
00:00:35]} c5 {[%clk 01:21:18]} {[%emt 00:01:23]} 7. d3 {[%clk 01:20:51]}
{[%emt 00:06:28]} Nc6 {[%clk 01:18:50]} {[%emt 00:02:58]} 8. Nbd2 {[%clk
01:20:36]} {[%emt 00:00:45]} b5 {[%clk 01:15:47]} {[%emt 00:03:33]} 9. c4
{[%clk 01:18:39]} {[%emt 00:02:27]} bxc4 {[%clk 01:12:36]} {[%emt 00:03:41]}
10. dxc4 {[%clk 01:19:03]} {[%emt 00:00:06]} Rb8 {[%clk 01:12:54]} {[%emt
00:00:12]} 11. cxd5 {[%clk 01:19:22]} {[%emt 00:00:11]} exd5 {[%clk 01:13:05]}
{[%emt 00:00:18]} 12. Ne5 {[%clk 01:19:43]} {[%emt 00:00:09]} Bb7 {[%clk
00:56:13]} {[%emt 00:17:22]} 13. Nxc6 {[%clk 01:19:59]} {[%emt 00:00:14]} Bxc6
{[%clk 00:56:36]} {[%emt 00:00:07]} 14. Rc1 {[%clk 01:19:10]} {[%emt 00:01:19]}
Qb6 {[%clk 00:45:38]} {[%emt 00:11:27]} 15. Qc2 {[%clk 01:08:45]} {[%emt
00:10:56]} d4 {[%clk 00:43:37]} {[%emt 00:02:31]} 16. Bxc6 {[%clk 01:07:01]}
{[%emt 00:02:14]} Qxc6 {[%clk 00:44:02]} {[%emt 00:00:05]} 17. Bxd4 {[%clk
01:05:37]} {[%emt 00:01:54]} Nd7 {[%clk 00:29:47]} {[%emt 00:14:44]} 18. Be3
{[%clk 01:04:53]} {[%emt 00:01:16]} Rfe8 {[%clk 00:24:59]} {[%emt 00:05:17]}
19. Qf5 {[%clk 00:56:44]} {[%emt 00:08:39]} g6 {[%clk 00:24:08]} {[%emt
00:01:22]} 20. Qf3 {[%clk 00:55:16]} {[%emt 00:01:58]} Qa6 {[%clk 00:23:54]}
{[%emt 00:00:44]} 21. Rc2 {[%clk 00:49:31]} {[%emt 00:06:15]} Ne5 {[%clk
00:23:16]} {[%emt 00:01:07]} 22. Qd5 {[%clk 00:47:25]} {[%emt 00:02:36]} Bf8
{[%clk 00:21:53]} {[%emt 00:01:55]} 23. Nc4 {[%clk 00:43:00]} {[%emt 00:04:55]}
Rbd8 {[%clk 00:22:03]} {[%emt 00:00:20]} 24. Qg2 {[%clk 00:42:48]} {[%emt
00:00:42]} Nc6 {[%clk 00:22:10]} {[%emt 00:00:22]} 25. a3 {[%clk 00:31:53]}
{[%emt 00:11:26]} Qb5 {[%clk 00:20:37]} {[%emt 00:02:04]} 26. Rfc1 {[%clk
00:27:33]} {[%emt 00:04:49]} Nd4 {[%clk 00:16:49]} {[%emt 00:04:18]} 27. Bxd4
{[%clk 00:27:48]} {[%emt 00:00:15]} cxd4 {[%clk 00:16:51]} {[%emt 00:00:28]}
28. b4 {[%clk 00:24:30]} {[%emt 00:03:48]} d3 {[%clk 00:17:03]} {[%emt
00:00:18]} 29. exd3 {[%clk 00:24:42]} {[%emt 00:00:18]} Rxd3 {[%clk 00:17:14]}
{[%emt 00:00:19]} 30. Qf1 {[%clk 00:24:08]} {[%emt 00:01:02]} Qd5 {[%clk
00:15:37]} {[%emt 00:02:09]} 31. Ne3 {[%clk 00:21:30]} {[%emt 00:03:08]} Rdxe3
{[%clk 00:15:20]} {[%emt 00:00:48]} 32. fxe3 {[%clk 00:20:26]} {[%emt
00:01:33]} Bh6 {[%clk 00:15:41]} {[%emt 00:00:09]} 33. Re2 {[%clk 00:16:05]}
{[%emt 00:04:51]} Bxe3+ {[%clk 00:13:56]} {[%emt 00:02:16]} 34. Rxe3 {[%clk
00:16:27]} {[%emt 00:00:08]} Qd4 {[%clk 00:10:27]} {[%emt 00:03:58]} 35. Qd3
{[%clk 00:14:40]} {[%emt 00:02:17]} Qxe3+ {[%clk 00:10:48]} {[%emt 00:00:10]}
36. Qxe3 {[%clk 00:15:04]} {[%emt 00:00:06]} Rxe3 {[%clk 00:10:30]} {[%emt
00:00:48]} 37. a4 {[%clk 00:15:18]} {[%emt 00:00:16]} Rb3 {[%clk 00:09:25]}
{[%emt 00:01:34]} 38. Rc8+ {[%clk 00:15:26]} {[%emt 00:00:23]} Kg7 {[%clk
00:09:52]} {[%emt 00:00:03]} 39. Ra8 {[%clk 00:15:45]} {[%emt 00:00:11]} Rxb4
{[%clk 00:09:49]} {[%emt 00:00:32]} 1/2-1/2

[Event "DVM U20 2021"]
[Site "Kiel GER"]
[Date "2022.07.26"]
[Round "7"]
[White "Bartelt, Max Peter"]
[Black "Prieb, Robert"]
[Result "1-0"]
[Termination "normal"]
[Board "1.4"]
[BlackTitle "CM"]
[WhiteElo "1915"]
[BlackElo "2111"]
[WhiteClock "00:45:04"]
[BlackClock "00:19:56"]
[WhiteTeam "Schachfreunde Brackel 1930 e. V."]
[BlackTeam "Schachgesellschaft Bochum 1931"]
[PlyCount "61"]
[WhiteFideId "12967289"]
[BlackFideId "16212002"]
[EventCountry "GER"]
[EventRounds "7"]
[EventType "team-swiss"]
[EventDate "2022.07.22"]

1. d4 {[%clk 01:30:48]} {[%emt 00:00:06]} Nf6 {[%clk 01:30:51]} 2. c4 {[%clk
01:30:59]} g6 {[%clk 01:30:28]} 3. Nc3 {[%clk 01:31:04]} d5 {[%clk 01:30:05]}
4. cxd5 {[%clk 01:31:23]} Nxd5 {[%clk 01:29:25]} 5. e4 {[%clk 01:31:37]} Nxc3
{[%clk 01:29:52]} 6. bxc3 {[%clk 01:31:48]} Bg7 {[%clk 01:27:42]} 7. Bc4 {[%clk
01:31:42]} c5 {[%clk 01:25:48]} 8. Ne2 {[%clk 01:31:36]} O-O {[%clk 01:24:55]}
9. O-O {[%clk 01:31:02]} Nc6 {[%clk 01:23:56]} 10. Be3 {[%clk 01:31:04]} Qc7
{[%clk 01:21:55]} 11. Rc1 {[%clk 01:29:51]} b6 {[%clk 01:14:51]} 12. h4 {[%clk
01:27:10]} Bb7 {[%clk 01:12:02]} 13. h5 {[%clk 01:25:58]} Rad8 {[%clk
01:04:43]} 14. Nf4 {[%clk 01:06:23]} e5 {[%clk 01:00:05]} 15. Nd5 {[%clk
01:04:10]} Qd6 {[%clk 00:53:31]} 16. dxc5 {[%clk 01:04:22]} bxc5 {[%clk
00:52:02]} 17. h6 {[%clk 01:02:10]} Bh8 {[%clk 00:40:11]} 18. Bg5 {[%clk
00:52:00]} Rd7 {[%clk 00:39:43]} 19. Qa4 {[%clk 00:47:46]} Nd8 {[%clk
00:23:59]} 20. Qxd7 {[%clk 00:48:04]} Qxd7 {[%clk 00:24:24]} 21. Ne7+ {[%clk
00:48:22]} Qxe7 {[%clk 00:24:52]} 22. Bxe7 {[%clk 00:48:34]} Re8 {[%clk
00:23:18]} 23. Rfd1 {[%clk 00:46:50]} Nc6 {[%clk 00:22:47]} 24. Bxc5 {[%clk
00:45:15]} Rd8 {[%clk 00:23:02]} 25. Rxd8+ {[%clk 00:45:36]} Nxd8 {[%clk
00:22:08]} 26. Rd1 {[%clk 00:45:36]} Bf6 {[%clk 00:22:01]} 27. Rd7 {[%clk
00:45:33]} Bxe4 {[%clk 00:20:40]} 28. Rxa7 {[%clk 00:44:47]} Bg5 {[%clk
00:19:09]} 29. Be7 {[%clk 00:44:43]} Bxe7 {[%clk 00:19:34]} 30. Rxe7 {[%clk
00:45:04]} Kf8 {[%clk 00:19:56]} 31. Rxe5 1-0

[Event "DVM U20 2021"]
[Site "Kiel GER"]
[Date "2022.07.26"]
[Round "7"]
[White "Gluma, Christian"]
[Black "Skabs, Denis"]
[Result "1/2-1/2"]
[Termination "normal"]
[Board "1.5"]
[WhiteElo "2044"]
[BlackElo "1949"]
[WhiteClock "00:00:54"]
[BlackClock "00:13:29"]
[WhiteTeam "Schachgesellschaft Bochum 1931"]
[BlackTeam "Schachfreunde Brackel 1930 e. V."]
[PlyCount "109"]
[WhiteFideId "16223209"]
[BlackFideId "16248449"]
[EventCountry "GER"]
[EventRounds "7"]
[EventType "team-swiss"]
[EventDate "2022.07.22"]

1. e4 {[%clk 01:30:56]} {[%emt 00:00:03]} e5 {[%clk 01:30:53]} {[%emt
00:00:07]} 2. Nf3 {[%clk 01:31:19]} {[%emt 00:00:07]} Nc6 {[%clk 01:31:18]}
{[%emt 00:00:06]} 3. Bc4 {[%clk 01:31:42]} {[%emt 00:00:06]} Nf6 {[%clk
01:30:38]} {[%emt 00:01:09]} 4. d3 {[%clk 01:32:01]} {[%emt 00:00:11]} h6
{[%clk 01:30:16]} {[%emt 00:00:53]} 5. c3 {[%clk 01:31:22]} {[%emt 00:01:08]}
d6 {[%clk 01:29:31]} {[%emt 00:01:15]} 6. a4 {[%clk 01:29:23]} {[%emt
00:02:29]} g6 {[%clk 01:28:22]} {[%emt 00:01:40]} 7. Nbd2 {[%clk 01:27:27]}
{[%emt 00:02:25]} Bg7 {[%clk 01:27:30]} {[%emt 00:01:22]} 8. Nf1 {[%clk
01:24:32]} {[%emt 00:03:25]} O-O {[%clk 01:26:10]} {[%emt 00:01:50]} 9. Ne3
{[%clk 01:22:41]} {[%emt 00:02:22]} Ne7 {[%clk 01:16:29]} {[%emt 00:10:11]} 10.
O-O {[%clk 01:20:36]} {[%emt 00:02:35]} c6 {[%clk 01:10:51]} {[%emt 00:06:08]}
11. Bb3 {[%clk 01:15:57]} {[%emt 00:05:09]} Kh7 {[%clk 00:53:55]} {[%emt
00:17:26]} 12. Re1 {[%clk 01:12:36]} {[%emt 00:03:51]} Qc7 {[%clk 00:49:18]}
{[%emt 00:05:07]} 13. Nc4 {[%clk 01:08:02]} {[%emt 00:05:03]} Be6 {[%clk
00:44:52]} {[%emt 00:04:56]} 14. d4 {[%clk 01:01:52]} {[%emt 00:06:40]} Rad8
{[%clk 00:33:32]} {[%emt 00:11:50]} 15. dxe5 {[%clk 00:53:03]} {[%emt
00:09:20]} dxe5 {[%clk 00:33:45]} {[%emt 00:00:18]} 16. Qc2 {[%clk 00:51:01]}
{[%emt 00:02:31]} Nh5 {[%clk 00:32:56]} {[%emt 00:01:19]} 17. Be3 {[%clk
00:48:48]} {[%emt 00:02:42]} Nf4 {[%clk 00:28:13]} {[%emt 00:05:15]} 18. Red1
{[%clk 00:41:05]} {[%emt 00:08:13]} g5 {[%clk 00:26:52]} {[%emt 00:01:51]} 19.
Bc5 {[%clk 00:38:34]} {[%emt 00:03:00]} Bxc4 {[%clk 00:24:39]} {[%emt
00:02:43]} 20. Bxc4 {[%clk 00:38:25]} {[%emt 00:00:40]} b6 {[%clk 00:24:32]}
{[%emt 00:00:37]} 21. Be3 {[%clk 00:36:13]} {[%emt 00:02:41]} Neg6 {[%clk
00:23:28]} {[%emt 00:01:34]} 22. Rxd8 {[%clk 00:31:33]} {[%emt 00:05:11]} Rxd8
{[%clk 00:23:24]} {[%emt 00:00:34]} 23. Rd1 {[%clk 00:31:20]} {[%emt 00:00:43]}
Rd7 {[%clk 00:20:03]} {[%emt 00:03:51]} 24. g3 {[%clk 00:28:08]} {[%emt
00:03:42]} Qd8 {[%clk 00:14:36]} {[%emt 00:05:56]} 25. Rd2 {[%clk 00:25:59]}
{[%emt 00:02:39]} Nh3+ {[%clk 00:05:02]} {[%emt 00:10:04]} 26. Kh1 {[%clk
00:21:10]} {[%emt 00:05:19]} g4 {[%clk 00:05:03]} {[%emt 00:00:31]} 27. Rxd7
{[%emt 00:04:21]} Qxd7 28. Qd2 {[%clk 00:15:48]} {[%emt 00:02:00]} Qe7 {[%clk
00:05:36]} {[%emt 00:00:26]} 29. Ng1 {[%clk 00:14:43]} {[%emt 00:01:33]} Nxg1
{[%clk 00:05:08]} {[%emt 00:00:59]} 30. Kxg1 {[%clk 00:15:08]} {[%emt
00:00:06]} h5 {[%clk 00:01:46]} {[%emt 00:03:52]} 31. h3 {[%clk 00:10:36]}
{[%emt 00:05:02]} gxh3 {[%clk 00:00:53]} {[%emt 00:01:23]} 32. Qd1 {[%clk
00:10:47]} {[%emt 00:00:18]} h2+ {[%clk 00:00:51]} {[%emt 00:00:32]} 33. Kxh2
{[%clk 00:10:08]} {[%emt 00:01:10]} Qf6 {[%clk 00:01:10]} {[%emt 00:00:11]} 34.
Qxh5+ {[%clk 00:09:24]} {[%emt 00:01:13]} Kg8 {[%clk 00:01:37]} {[%emt
00:00:03]} 35. Qg5 {[%clk 00:07:20]} {[%emt 00:02:33]} Kf8 {[%clk 00:00:37]}
{[%emt 00:01:31]} 36. b4 {[%clk 00:05:37]} {[%emt 00:02:13]} Ke7 {[%clk
00:00:41]} {[%emt 00:00:26]} 37. a5 {[%clk 00:04:25]} {[%emt 00:01:43]} Qxg5
{[%clk 00:00:58]} {[%emt 00:00:13]} 38. Bxg5+ {[%clk 00:04:44]} {[%emt
00:00:10]} f6 {[%clk 00:01:22]} {[%emt 00:00:07]} 39. Be3 {[%clk 00:03:58]}
{[%emt 00:01:16]} b5 {[%clk 00:01:43]} {[%emt 00:00:08]} 40. Be2 {[%clk
00:03:05]} {[%emt 00:01:22]} a6 {[%clk 00:02:04]} {[%emt 00:00:10]} 41. Bg4
{[%clk 00:00:57]} {[%emt 00:02:38]} Kd6 {[%clk 00:23:29]} {[%emt 00:09:05]} 42.
Bb6 {[%clk 00:29:36]} {[%emt 00:01:50]} Bh6 {[%clk 00:23:20]} {[%emt 00:00:40]}
43. Bc8 {[%clk 00:25:52]} {[%emt 00:04:14]} Bd2 {[%clk 00:23:01]} {[%emt
00:00:49]} 44. Bxa6 {[%clk 00:21:35]} {[%emt 00:04:48]} Bxc3 {[%clk 00:23:24]}
{[%emt 00:00:07]} 45. Bc8 {[%clk 00:19:01]} {[%emt 00:03:03]} Bd4 {[%clk
00:23:39]} {[%emt 00:00:15]} 46. Bg4 {[%clk 00:15:48]} {[%emt 00:03:43]} Bxb6
{[%clk 00:22:58]} {[%emt 00:01:11]} 47. axb6 {[%clk 00:16:10]} {[%emt
00:00:08]} Ne7 {[%clk 00:19:38]} {[%emt 00:03:50]} 48. Kg2 {[%clk 00:08:40]}
{[%emt 00:08:00]} c5 {[%clk 00:18:55]} {[%emt 00:01:14]} 49. bxc5+ {[%clk
00:08:15]} {[%emt 00:00:55]} Kxc5 {[%clk 00:19:18]} {[%emt 00:00:06]} 50. b7
{[%clk 00:04:01]} {[%emt 00:04:44]} Nc6 {[%clk 00:19:42]} {[%emt 00:00:07]} 51.
Kf3 {[%clk 00:02:57]} {[%emt 00:01:34]} Kb6 {[%clk 00:17:43]} {[%emt 00:02:29]}
52. Bc8 {[%clk 00:03:06]} {[%emt 00:00:21]} Kc7 {[%clk 00:17:30]} {[%emt
00:00:43]} 53. Ke3 {[%clk 00:02:56]} {[%emt 00:00:40]} Nd8 {[%clk 00:17:01]}
{[%emt 00:00:59]} 54. Bd7 {[%clk 00:01:55]} {[%emt 00:01:31]} b4 {[%clk
00:13:29]} {[%emt 00:04:02]} 55. Bc8 {[%clk 00:00:54]} {[%emt 00:01:31]}
1/2-1/2

[Event "DVM U20 2021"]
[Site "Kiel GER"]
[Date "2022.07.26"]
[Round "7"]
[White "Seref, Erdogan"]
[Black "Klugstedt, Vincent"]
[Result "0-1"]
[Termination "normal"]
[Board "1.6"]
[WhiteElo "1992"]
[BlackElo "1877"]
[WhiteClock "00:38:56"]
[BlackClock "00:18:01"]
[WhiteTeam "Schachfreunde Brackel 1930 e. V."]
[BlackTeam "Schachgesellschaft Bochum 1931"]
[PlyCount "108"]
[WhiteFideId "16206827"]
[BlackFideId "16216393"]
[EventCountry "GER"]
[EventRounds "7"]
[EventType "team-swiss"]
[EventDate "2022.07.22"]

1. c4 {[%clk 01:30:27]} {[%emt 00:00:02]} c5 {[%clk 01:31:20]} 2. g3 {[%clk
01:30:43]} g6 {[%clk 01:31:42]} 3. Bg2 {[%clk 01:31:06]} Bg7 {[%clk 01:32:03]}
4. Nc3 {[%clk 01:31:24]} Nc6 {[%clk 01:32:25]} 5. a3 {[%clk 01:30:18]} d6
{[%clk 01:32:09]} 6. Rb1 {[%clk 01:21:06]} Qa5 {[%clk 01:27:51]} 7. Nd5 {[%clk
01:15:52]} Bf5 {[%clk 01:24:48]} 8. e4 {[%clk 01:12:32]} Be6 {[%clk 01:18:49]}
9. b4 {[%clk 01:03:44]} cxb4 {[%clk 01:18:57]} 10. axb4 {[%clk 01:03:27]} Qa2
{[%clk 01:17:31]} 11. Qb3 {[%clk 01:02:47]} Qxb3 {[%clk 01:17:32]} 12. Rxb3
{[%clk 00:58:53]} Nd4 {[%clk 01:16:13]} 13. Rb1 {[%clk 00:52:55]} Rc8 {[%clk
01:12:50]} 14. d3 {[%clk 00:52:14]} Bxd5 {[%clk 01:12:53]} 15. exd5 {[%clk
00:49:33]} b5 {[%clk 01:08:43]} 16. Bf1 {[%clk 00:42:22]} Nf6 {[%clk 00:54:09]}
17. Bb2 {[%clk 00:35:18]} Nd7 {[%clk 00:42:46]} {[%emt 01:49:02]} 18. Bxd4
{[%clk 00:35:39]} Bxd4 {[%clk 00:42:54]} 19. Ne2 {[%clk 00:32:47]} Bb6 {[%clk
00:29:25]} 20. Rc1 {[%clk 00:32:07]} Ne5 {[%clk 00:27:28]} 21. Ng1 {[%clk
00:29:50]} O-O {[%clk 00:25:41]} 22. h3 {[%clk 00:27:44]} Rc7 {[%clk 00:24:32]}
23. Be2 {[%clk 00:26:11]} bxc4 {[%clk 00:24:45]} 24. dxc4 {[%clk 00:26:25]}
Rfc8 {[%clk 00:20:32]} 25. c5 {[%clk 00:26:38]} dxc5 {[%clk 00:20:52]} 26. f4
{[%clk 00:23:20]} Nd7 {[%clk 00:18:45]} 27. b5 {[%clk 00:21:53]} c4 {[%clk
00:17:35]} 28. Nf3 {[%clk 00:15:26]} Rb8 {[%clk 00:15:30]} 29. Ne5 {[%clk
00:14:53]} Nxe5 {[%clk 00:15:52]} 30. fxe5 {[%clk 00:11:38]} Ba5+ {[%clk
00:16:05]} 31. Kf2 {[%clk 00:11:47]} Rxb5 {[%clk 00:14:32]} 32. Rhd1 {[%clk
00:09:32]} Rb2 {[%clk 00:12:15]} 33. d6 {[%clk 00:09:43]} exd6 {[%clk
00:12:37]} 34. exd6 {[%clk 00:06:44]} Rc5 {[%clk 00:10:59]} 35. d7 {[%clk
00:06:35]} Rf5+ {[%clk 00:09:43]} 36. Kg1 {[%clk 00:06:40]} Bb6+ {[%clk
00:10:00]} 37. Kh1 {[%clk 00:07:01]} Rxe2 {[%clk 00:09:25]} 38. Rb1 {[%clk
00:06:45]} Ba5 {[%clk 00:08:55]} 39. Ra1 {[%clk 00:05:24]} Bd8 {[%clk
00:01:14]} 40. Rxa7 {[%clk 00:05:37]} Kf8 {[%clk 00:00:40]} 41. Ra8 {[%clk
00:06:01]} Ke7 {[%clk 00:27:46]} 42. Rc8 {[%clk 00:35:22]} Rff2 {[%clk
00:21:51]} 43. Rxc4 {[%clk 00:35:45]} Rh2+ {[%clk 00:22:11]} 44. Kg1 {[%clk
00:36:08]} Bb6+ {[%clk 00:20:24]} 45. Rcd4 {[%clk 00:36:34]} Bxd4+ {[%clk
00:18:14]} 46. Rxd4 {[%clk 00:36:55]} Kd8 {[%clk 00:16:24]} 47. Rh4 {[%clk
00:36:45]} Reg2+ {[%clk 00:16:43]} 48. Kf1 {[%clk 00:37:06]} Rxg3 {[%clk
00:17:08]} 49. Rxh7 {[%clk 00:37:19]} Rhxh3 {[%clk 00:17:14]} {[%emt 02:06:39]}
50. Rg7 {[%clk 00:37:36]} Rf3+ {[%clk 00:17:27]} 51. Ke2 {[%clk 00:37:57]} Kxd7
{[%clk 00:17:44]} 52. Rg8 {[%clk 00:38:17]} Ra3 {[%clk 00:17:35]} 53. Kf2
{[%clk 00:38:36]} Rh2+ {[%clk 00:18:01]} 54. Kg1 {[%clk 00:38:56]} Rb2 0-1